000 00336nam a2200133 i 4500
001 bg
100 1 _aJAkusenkov, U. G.
245 0 _aOsnovy teorii i rasceta optikoelektronnychpriboroo /
_cJu. G. Jakusenkov.
260 _aMoskva,
_c1971.
040 _cBPK
041 _apol
942 _cKS
008 s pl f |000 0 pol
999 _c14069
_d14069
856 _uhttp://koha.tu.koszalin.pl/cgi-bin/koha/opac-detail.pl?biblionumber=14069
_yKatalog online BPK